Southville International School and Colleges
Your cart is empty.
  • Cart
  • Lists
    Public lists Eva Luna New books Lux_list list_1
    Your lists Log in to create your own lists
  • Log in to your account
  • Your cookies
  • Search history
Southville International School and Colleges
  • Advanced search
  • Recent comments
  • Most popular
  • Libraries

Log in to your account

Log in with GOOGLE


If you do not have an external account, but do have a local account, you can still log in:

  1. Home
  2. MARC view: Mga halaman-kahangahangang pampagaling :
Normal view MARC view ISBD view

Mga halaman-kahangahangang pampagaling : (Record no. 293349)

[ view plain ]
MARC details
000 -LEADER
fixed length control field 00706nam a22002050 4500
001 - CONTROL NUMBER
control field ocn9711019086
003 - CONTROL NUMBER IDENTIFIER
control field PILC
005 - DATE AND TIME OF LATEST TRANSACTION
control field 20160404140520.0
008 - FIXED-LENGTH DATA ELEMENTS--GENERAL INFORMATION
fixed length control field 030809s ph 000 0 eng d
020 ## - INTERNATIONAL STANDARD BOOK NUMBER
International Standard Book Number 9711019086
050 00 - LIBRARY OF CONGRESS CALL NUMBER
Classification number QK 99.P6
Item number .L251 1989
100 1# - MAIN ENTRY--PERSONAL NAME
Personal name Ladion, Herminia de Guzman.
245 14 - TITLE STATEMENT
Title Mga halaman-kahangahangang pampagaling :
Remainder of title gabay sa mabisang paggamit ng mga halamang gamot /
Statement of responsibility, etc ni Herminia de Guzman-Ladion.
260 ## - PUBLICATION, DISTRIBUTION, ETC. (IMPRINT)
Place of publication, distribution, etc Manila :
Name of publisher, distributor, etc Philippine Pub. House,
Date of publication, distribution, etc 1989.
300 ## - PHYSICAL DESCRIPTION
Extent 157 pages :
Other physical details color illustrations ;
Dimensions 24 cm.
650 #0 - SUBJECT ADDED ENTRY--TOPICAL TERM
Topical term or geographic name as entry element Botany, Medical
Geographic subdivision Philippines.
650 #0 - SUBJECT ADDED ENTRY--TOPICAL TERM
Topical term or geographic name as entry element Medicinal plants
General subdivision Therapeutic use.
650 #0 - SUBJECT ADDED ENTRY--TOPICAL TERM
Topical term or geographic name as entry element Herbs
General subdivision Therapeutic use.
942 ## - ADDED ENTRY ELEMENTS (KOHA)
Source of classification or shelving scheme Library of Congress Classification
Koha item type Books
Holdings
Withdrawn status Lost status Source of classification or shelving scheme Damaged status Home library Current library Shelving location Date acquired Source of acquisition Total Checkouts Full call number Barcode Date last seen Price effective from Koha item type
    Library of Congress Classification   Archives Archives   04/04/2016 Donation   QK 99.P6 .L251 1989 C20530 05/08/2018 04/04/2016 Books

Mga halaman-kahangahangang pampagaling :

APA

Ladion H. d. G., . (1989). Mga halaman-kahangahangang pampagaling. Manila: Philippine Pub. House.

Chicago

Ladion Herminia de Guzman, . 1989. Mga halaman-kahangahangang pampagaling. Manila: Philippine Pub. House.

Harvard

Ladion H. d. G., . (1989). Mga halaman-kahangahangang pampagaling. Manila: Philippine Pub. House.

MLA

Ladion Herminia de Guzman, . Mga halaman-kahangahangang pampagaling. Manila: Philippine Pub. House. 1989.

  • Place hold
  • Print
  • Cite
  • Add to your cart (remove)
  • Save record
    BIBTEX Dublin Core MARCXML MARC (non-Unicode/MARC-8) MARC (Unicode/UTF-8) MARC (Unicode/UTF-8, Standard) MODS (XML) RIS
  • More searches
    Search for this title in:
    Other Libraries (WorldCat) Other Databases (Google Scholar) Online Stores (Bookfinder.com) Open Library (openlibrary.org)

Exporting to Dublin Core...

SOUTHVILLE LIBRARY

Southville International School and Colleges Library

1281 Tropical Ave. Cor. Luxembourg St., BF Homes International, Las Pinas City

Tel. No. 8256374 / 252358 Loc. 117/146

Powered by Koha